Význam tretích krajín pre strategické rozvojové zámery EÚ v pokrízovom období (s implikáciami pre slovenskú ekonomiku) – záverečné zhodnotenie riešenia projektu VEGA 1/0391/13
Zhodnotenie riešenia projektu VEGA 1/0391/13, ktorý sa zameral na identifikáciu potenciálu tretích krajín pre strategické rozvojové záujmy EÚ, predovšetkým so zameraním na Rusko, Ukrajinu a ďalšie krajiny Spoločenstva nezávislých štátov. Analýzou a identifikáciou kľúčových trendov vývoja vzájomných...
Guardado en:
| Autor principal: | |
|---|---|
| Formato: | Capítulo de libro |
| Lenguaje: | eslovaco |
| Materias: | |
| Etiquetas: |
Sin Etiquetas, Sea el primero en etiquetar este registro!
|
MARC
| LEADER | 00000nla a2200000 4500 | ||
|---|---|---|---|
| 001 | 0211575 | ||
| 005 | 20240502073528.9 | ||
| 041 | 0 | |a slo | |
| 044 | |a SK | ||
| 245 | 1 | 0 | |a Význam tretích krajín pre strategické rozvojové zámery EÚ v pokrízovom období (s implikáciami pre slovenskú ekonomiku) – záverečné zhodnotenie riešenia projektu VEGA 1/0391/13 |c Kristína Drieniková |
| 520 | |a Zhodnotenie riešenia projektu VEGA 1/0391/13, ktorý sa zameral na identifikáciu potenciálu tretích krajín pre strategické rozvojové záujmy EÚ, predovšetkým so zameraním na Rusko, Ukrajinu a ďalšie krajiny Spoločenstva nezávislých štátov. Analýzou a identifikáciou kľúčových trendov vývoja vzájomných vzťahov a spolupráce bol preukázaný význam ďalšieho rozvoja hospodársko-obchodných a investičných väzieb, ktoré by prispeli k zvýšeniu konkurencieschopnosti EÚ i skúmaných tretích krajín. | ||
| 610 | 2 | 0 | |a projekty |
| 610 | 2 | 0 | |a spolupráca hospodárska medzinárodná |
| 610 | 2 | 0 | |a konkurencieschopnosť |
| 610 | 2 | 0 | |a Európska únia |
| 100 | 1 | |a Drieniková, Kristína, 1982- | |